The decline of collateral warranties? (Record no. 79680)

MARC details
000 -LEADER
fixed length control field 00881cab a22002055a 4500
001 - CONTROL NUMBER
control field L141975
008 - FIXED-LENGTH DATA ELEMENTS--GENERAL INFORMATION
fixed length control field 080117s2007 xxk f 000 0 eng d
035 ## - SYSTEM CONTROL NUMBER
System control number (Sirsi) u141975
041 0# - LANGUAGE CODE
Language code of text/sound track or separate title eng
100 1# - MAIN ENTRY--PERSONAL NAME
Personal name Thomas, Gillian
245 04 - TITLE STATEMENT
Title The decline of collateral warranties?
260 ## - PUBLICATION, DISTRIBUTION, ETC.
Date of publication, distribution, etc. 2007
490 #0 - SERIES STATEMENT
Series statement Lovells Real Estate Quarterly
Volume/sequential designation December 2007, 4-5(2)
520 ## - SUMMARY, ETC.
Summary, etc. Discusses the introduction and the impact of the Contracts (Rights of Third Parties) Act 1999. Finds that the take up of rights by funders, purchasers and tenants under the Act has been limited. Looks at the reasons for this and asks whether there really are benefits to using the Act.
590 ## - LOCAL NOTE (RLIN)
Local note KA
650 24 - SUBJECT ADDED ENTRY--TOPICAL TERM
Topical term or geographic name entry element CONTRACTS (RIGHTS OF THIRD PARTIES) ACT 1999
651 #4 - SUBJECT ADDED ENTRY--GEOGRAPHIC NAME
Geographic name United Kingdom
Chronological subdivision
690 ## - LOCAL SUBJECT ADDED ENTRY--TOPICAL TERM (OCLC, RLIN)
Topical term or geographic name as entry element BUILT ENVIRONMENT-CONSTRUCTION MANAGEMENT-BUILDING CONTRACT ADMINISTRATION
942 ## - ADDED ENTRY ELEMENTS (KOHA)
Suppress in OPAC 0
Holdings
Withdrawn status Lost status Source of classification or shelving scheme Damaged status Not for loan Home library Current library Shelving location Date acquired Total Checkouts Full call number Barcode Date last seen Copy number Price effective from Koha item type
    Dewey Decimal Classification     London London Journal article 17/01/2008   L141975 141975-1001 06/08/2019 1 06/08/2019 Journal article